000 00465nam a2200157Ia 4500
008 100204s9999 xx 000 0 und d
082 _b28464
100 _aवर्टीकर अर्चना
245 _aजळात सोडलेले दिवे
250 _a0
260 _c2008
300 _a110
630 _aजळात सोडलेले दिवे
730 _aजळात सोडलेले दिवे
942 _cBOOK
999 _c473627
_d473624